Statistics for 500 Biggest Cities in the United States

Click here to take the quiz!

General Stats

  • This quiz has been taken 25,596 times
    (10,854 since last reset)
  • The average score is 211 of 500

Answer Stats

RankPopulationStateCity% Correct
18,550,000New YorkNew York
98%
32,721,000IllinoisChicago
97%
23,972,000CaliforniaLos Angeles
97%
42,296,000TexasHouston
96%
91,300,000TexasDallas
95%
44441,000FloridaMiami
94%
51,567,000PennsylvaniaPhiladelphia
94%
61,563,000ArizonaPhoenix
94%
13865,000CaliforniaSan Francisco
94%
23667,000MassachusettsBoston
93%
28624,000NevadaLas Vegas
93%
33394,000UtahSandy
93%
11932,000TexasAustin
92%
19683,000ColoradoDenver
92%
18684,000WashingtonSeattle
92%
21677,000MichiganDetroit
91%
14853,000IndianaIndianapolis
91%
22672,000--Washington DC
91%
148171,000MississippiJackson
90%
26632,000OregonPortland
90%
71,470,000TexasSan Antonio
90%
81,395,000CaliforniaSan Diego
90%
39464,000GeorgiaAtlanta
89%
27631,000OklahomaOklahoma City
89%
12868,000FloridaJacksonville
88%
49390,000LouisianaNew Orleans
88%
15850,000OhioColumbus
87%
116201,000GeorgiaColumbus
87%
171151,000KansasKansas City
87%
36475,000MissouriKansas City
87%
25655,000TennesseeNashville-Davidson
87%
29622,000MarylandBaltimore
86%
46411,000MinnesotaMinneapolis
86%
73271,000FloridaOrlando
86%
35491,000CaliforniaSacramento
86%
101,027,000CaliforniaSan Jose
86%
17827,000North CarolinaCharlotte
85%
24656,000TennesseeMemphis
85%
51388,000OhioCleveland
84%
55353,000HawaiiHonolulu
84%
60316,000MissouriSt. Louis
84%
53369,000FloridaTampa
84%
32559,000New MexicoAlbuquerque
83%
20681,000TexasEl Paso
83%
31600,000WisconsinMilwaukee
83%
63304,000PennsylvaniaPittsburgh
83%
16833,000TexasFort Worth
82%
42451,000North CarolinaRaleigh
82%
66299,000OhioCincinnati
81%
30615,000KentuckyLouisville
81%
124193,000UtahSalt Lake City
80%
78258,000New YorkBuffalo
79%
33532,000ArizonaTucson
79%
65299,000AlaskaAnchorage
78%
43444,000NebraskaOmaha
78%
97229,000LouisianaBaton Rouge
77%
40457,000ColoradoColorado Springs
77%
98220,000VirginiaRichmond
77%
265110,000CaliforniaRichmond
77%
64301,000MinnesotaSt. Paul
77%
87241,000NevadaReno
76%
150167,000MissouriSpringfield
76%
163154,000MassachusettsSpringfield
76%
236117,000IllinoisSpringfield
76%
47404,000OklahomaTulsa
76%
102212,000AlabamaBirmingham
75%
99218,000IdahoBoise
75%
72277,000NebraskaLincoln
75%
126190,000FloridaTallahassee
75%
41453,000VirginiaVirginia Beach
75%
88241,000North CarolinaWinston-Salem
75%
45975,000GeorgiaAlbany
74%
30698,000New YorkAlbany
74%
34520,000CaliforniaFresno
74%
84249,000WisconsinMadison
74%
45419,000CaliforniaOakland
74%
104210,000IowaDes Moines
73%
152165,000OregonSalem
73%
118198,000ArkansasLittle Rock
72%
135179,000Rhode IslandProvidence
72%
70282,000New JerseyNewark
71%
48390,000KansasWichita
71%
285105,000TexasWichita Falls
71%
115201,000AlabamaMontgomery
70%
199133,000South CarolinaCharleston
69%
195134,000South CarolinaColumbia
68%
229119,000MissouriColumbia
68%
37474,000CaliforniaLong Beach
68%
38472,000ArizonaMesa
67%
105210,000New YorkRochester
67%
250112,000MinnesotaRochester
67%
39184,000New MexicoSanta Fe
67%
71280,000OhioToledo
67%
56351,000CaliforniaAnaheim
66%
50388,000TexasArlington
66%
58324,000TexasCorpus Christi
66%
220124,000ConnecticutHartford
66%
61314,000KentuckyLexington-Fayette
66%
121197,000GeorgiaAugusta
65%
52374,000CaliforniaBakersfield
65%
75264,000New JerseyJersey City
65%
180146,000GeorgiaSavannah
65%
215127,000KansasTopeka
65%
187141,000OhioDayton
64%
123194,000AlabamaMobile
64%
129185,000TennesseeKnoxville
63%
145172,000South DakotaSioux Falls
62%
101213,000WashingtonSpokane
62%
80257,000FloridaSt. Petersburg
62%
182144,000New YorkSyracuse
62%
136179,000FloridaFort Lauderdale
61%
122195,000MichiganGrand Rapids
61%
68285,000North CarolinaGreensboro
61%
59322,000CaliforniaRiverside
61%
100216,000CaliforniaSan Bernardino
61%
114201,000IllinoisAurora
60%
54359,000ColoradoAurora
60%
77260,000IndianaFort Wayne
60%
39084,000New JerseyTrenton
60%
119198,000OhioAkron
59%
33593,000CaliforniaCarson
59%
79258,000North CarolinaDurham
59%
242115,000MichiganLansing
59%
117199,000TexasAmarillo
58%
231119,000North DakotaFargo
58%
86246,000VirginiaNorfolk
58%
57335,000CaliforniaSanta Ana
58%
283105,000WisconsinGreen Bay
57%
262110,000New HampshireManchester
57%
106208,000WashingtonTacoma
57%
221123,000GeorgiaAthens-Clarke County
56%
276107,000ColoradoBoulder
56%
137177,000TennesseeChattanooga
56%
83249,000TexasLubbock
56%
34592,000CaliforniaSanta Barbara
56%
200132,000TexasWaco
56%
36888,000North CarolinaConcord
55%
212129,000CaliforniaConcord
55%
154163,000OregonEugene
55%
204130,000ConnecticutNew Haven
55%
95235,000NevadaNorth Las Vegas
55%
261110,000MontanaBillings
54%
49071,000North DakotaBismarck
54%
67286,000NevadaHenderson
54%
92237,000ArizonaScottsdale
54%
120197,000LouisianaShreveport
54%
62306,000CaliforniaStockton
54%
238116,000North CarolinaWilmington
54%
48372,000DelawareWilmington
54%
110202,000North CarolinaFayetteville
53%
40083,000ArkansasFayetteville
53%
82255,000TexasLaredo
53%
112201,000New YorkYonkers
53%
178148,000ConnecticutBridgeport
52%
113201,000CaliforniaGlendale
52%
89240,000ArizonaGlendale
52%
81257,000CaliforniaIrvine
52%
214128,000LouisianaLafayette
52%
49171,000IndianaLafayette
52%
164154,000TexasPasadena
52%
183142,000CaliforniaPasadena
52%
166154,000VirginiaAlexandria
51%
234117,000MichiganAnn Arbor
51%
131184,000TexasBrownsville
51%
125191,000AlabamaHuntsville
51%
240115,000UtahProvo
51%
130185,000MassachusettsWorcester
51%
31198,000TexasAllen
50%
69284,000TexasPlano
50%
144173,000WashingtonVancouver
50%
172150,000FloridaHollywood
49%
156161,000ColoradoFort Collins
48%
227120,000PennsylvaniaAllentown
47%
203130,000IowaCedar Rapids
47%
30599,000PennsylvaniaErie
47%
49770,000ArizonaFlagstaff
47%
43877,000IndianaGary
47%
165154,000GeorgiaMacon
47%
188140,000TexasMcAllen
47%
184141,000CaliforniaOrange
47%
241115,000IllinoisPeoria
47%
146171,000ArizonaPeoria
47%
33793,000CaliforniaSanta Monica
47%
138176,000ArizonaTempe
47%
74266,000CaliforniaChula Vista
46%
31098,000MichiganFlint
46%
111202,000CaliforniaHuntington Beach
46%
132182,000VirginiaNewport News
46%
259110,000MassachusettsCambridge
45%
76261,000ArizonaChandler
45%
94235,000VirginiaChesapeake
45%
93237,000TexasIrving
45%
157161,000CaliforniaLancaster
45%
103211,000CaliforniaModesto
45%
133182,000CaliforniaSanta Clarita
45%
40183,000IowaSioux City
45%
225121,000CaliforniaBerkeley
44%
37986,000MinnesotaDuluth
44%
34991,000North CarolinaGreenville
44%
108207,000CaliforniaOxnard
44%
143175,000CaliforniaSanta Rosa
44%
43977,000PennsylvaniaScranton
44%
96232,000CaliforniaFremont
43%
206130,000FloridaGainesville
43%
218126,000CaliforniaSanta Clara
43%
296102,000IndianaSouth Bend
43%
90237,000FloridaHialeah
42%
198133,000TexasMidland
42%
175148,000IllinoisRockford
42%
85248,000ArizonaGilbert
41%
142175,000FloridaCape Coral
40%
210129,000New JerseyElizabeth
40%
46874,000FloridaFort Myers
40%
91237,000TexasGarland
40%
46474,000IowaIowa City
40%
230119,000TexasOdessa
40%
38385,000UtahOgden
40%
147171,000CaliforniaOntario
40%
228120,000IndianaEvansville
39%
295102,000New MexicoLas Cruces
39%
128187,000KansasOverland Park
39%
211129,000ConnecticutStamford
39%
30898,000AlabamaTuscaloosa
39%
223122,000TexasAbilene
38%
35789,000North CarolinaAsheville
38%
189140,000WashingtonBellevue
38%
162154,000TexasFrisco
38%
176148,000IllinoisJoliet
38%
179147,000IllinoisNaperville
38%
226120,000OklahomaNorman
38%
139176,000CaliforniaOceanside
38%
134179,000FloridaPort St. Lucie
38%
267109,000ColoradoPueblo
38%
34692,000CaliforniaRedding
38%
284105,000CaliforniaSanta Maria
38%
41980,000UtahSt. George
38%
278107,000FloridaWest Palm Beach
38%
173149,000TennesseeClarksville
37%
293103,000IowaDavenport
37%
177148,000New JerseyPaterson
37%
232118,000TexasBeaumont
36%
39284,000IndianaBloomington
36%
37786,000MinnesotaBloomington
36%
43378,000IllinoisBloomington
36%
202131,000TexasDenton
36%
34292,000FloridaMiami Beach
36%
37687,000OregonBend
35%
282105,000CaliforniaBurbank
35%
248113,000FloridaClearwater
35%
273108,000TexasCollege Station
35%
191136,000VirginiaHampton
35%
40882,000CaliforniaLakewood
35%
168153,000ColoradoLakewood
35%
155163,000TexasMcKinney
35%
303100,000VirginiaRoanoke
35%
161157,000CaliforniaSalinas
35%
32994,000ArizonaYuma
35%
158160,000North CarolinaCary
34%
107207,000CaliforniaFontana
34%
127188,000TexasGrand Prairie
34%
186141,000TexasKilleen
34%
286104,000FloridaLakeland
34%
159158,000CaliforniaPalmdale
34%
141175,000CaliforniaRancho Cucamonga
34%
153164,000CaliforniaCorona
33%
45076,000MichiganKalamazoo
33%
216127,000WashingtonKent
33%
33094,000KansasLawrence
33%
41880,000MassachusettsLawrence
33%
109204,000CaliforniaMoreno Valley
33%
219126,000TennesseeMurfreesboro
33%
47174,000South DakotaRapid City
33%
36788,000PennsylvaniaReading
33%
289104,000TexasTyler
33%
279107,000OklahomaBroken Arrow
32%
30798,000CaliforniaCompton
32%
149167,000CaliforniaElk Grove
32%
36288,000ArkansasFort Smith
32%
181145,000TexasMesquite
32%
49471,000MontanaMissoula
32%
167153,000CaliforniaPomona
32%
31796,000VirginiaPortsmouth
32%
209129,000CaliforniaThousand Oaks
32%
174148,000CaliforniaTorrance
32%
193135,000MichiganWarren
32%
192136,000UtahWest Valley City
32%
185141,000CaliforniaFullerton
31%
233117,000MissouriIndependence
31%
304100,000WisconsinKenosha
31%
256111,000MassachusettsLowell
31%
194134,000KansasOlathe
31%
237116,000TexasRound Rock
31%
213128,000ArizonaSurprise
31%
244113,000CaliforniaCarlsbad
30%
170151,000CaliforniaEscondido
30%
272108,000WashingtonEverett
30%
140175,000CaliforniaGarden Grove
30%
42080,000FloridaMelbourne
30%
41680,000CaliforniaNapa
30%
151167,000FloridaPembroke Pines
30%
266110,000CaliforniaSan Buenaventura (Ventura)
30%
291104,000CaliforniaSan Mateo
30%
207130,000CaliforniaVisalia
30%
33693,000FloridaBoca Raton
29%
44876,000New JerseyCamden
29%
35090,000CaliforniaChico
29%
50069,000MarylandFrederick
29%
160158,000CaliforniaHayward
29%
254112,000CaliforniaInglewood
29%
246113,000FloridaMiami Gardens
29%
271108,000South CarolinaNorth Charleston
29%
45276,000MinnesotaPlymouth
29%
205130,000CaliforniaRoseville
29%
224121,000CaliforniaVallejo
29%
247113,000ColoradoWestminster
29%
44177,000WashingtonAuburn
28%
48472,000OhioCanton
28%
197133,000TexasCarrollton
28%
208129,000FloridaCoral Springs
28%
249113,000CaliforniaFairfield
28%
35290,000IdahoNampa
28%
37387,000CaliforniaNewport Beach
28%
201132,000MichiganSterling Heights
28%
36488,000TexasSugar Land
28%
169152,000CaliforniaSunnyvale
28%
222122,000CaliforniaVictorville
28%
190137,000FloridaMiramar
27%
36688,000New HampshireNashua
27%
277107,000CaliforniaNorwalk
27%
35888,000ConnecticutNorwalk
27%
33294,000MassachusettsQuincy
27%
300100,000TexasSan Angelo
27%
196133,000ColoradoThornton
27%
253112,000UtahWest Jordan
27%
38585,000WashingtonBellingham
26%
280107,000CaliforniaDaly City
26%
32095,000MichiganDearborn
26%
45376,000IllinoisEvanston
26%
48572,000MississippiGulfport
26%
32395,000MassachusettsNew Bedford
26%
32695,000GeorgiaRoswell
26%
33893,000CaliforniaSan Marcos
26%
217127,000CaliforniaSimi Valley
26%
252112,000CaliforniaTemecula
26%
40782,000Rhode IslandWarwick
26%
269109,000ConnecticutWaterbury
26%
239115,000ColoradoArvada
25%
38086,000IllinoisChampaign
25%
260110,000North CarolinaHigh Point
25%
294102,000OregonHillsboro
25%
44976,000LouisianaLake Charles
25%
288104,000TexasLewisville
25%
42480,000OregonMedford
25%
274108,000FloridaPalm Bay
25%
268109,000TexasPearland
25%
32495,000WashingtonSpokane Valley
25%
36388,000VirginiaSuffolk
25%
33194,000WashingtonYakima
25%
258111,000CaliforniaAntioch
24%
46674,000WisconsinAppleton
24%
251112,000IllinoisElgin
24%
298101,000ColoradoGreeley
24%
40382,000CaliforniaMerced
24%
39683,000TexasMission
24%
275108,000FloridaPompano Beach
24%
43578,000WisconsinRacine
24%
255111,000TexasRichardson
24%
32894,000New MexicoRio Rancho
24%
281105,000GeorgiaSandy Springs
24%
35589,000IndianaCarmel
23%
264110,000ColoradoCentennial
23%
38186,000CaliforniaChino
23%
287104,000CaliforniaClovis
23%
245113,000CaliforniaCosta Mesa
23%
38984,000TexasEdinburg
23%
290104,000CaliforniaEl Cajon
23%
47773,000TennesseeFranklin
23%
34791,000IdahoMeridian
23%
31896,000NevadaSparks
23%
47972,000TexasTemple
23%
39783,000MichiganTroy
23%
31397,000CaliforniaVacaville
23%
31597,000OregonBeaverton
22%
47473,000IllinoisDecatur
22%
243114,000CaliforniaDowney
22%
235117,000CaliforniaEl Monte
22%
257111,000OregonGresham
22%
47074,000ArkansasJonesboro
22%
40482,000TexasLongview
22%
42380,000VirginiaLynchburg
22%
34192,000MassachusettsLynn
22%
35389,000MassachusettsNewton
22%
302100,000WashingtonRenton
22%
33993,000FloridaSunrise
22%
297101,000CaliforniaVista
22%
270108,000CaliforniaWest Covina
22%
41081,000South CarolinaMount Pleasant
21%
263110,000CaliforniaMurrieta
21%
32794,000UtahOrem
21%
48672,000Rhode IslandPawtucket
21%
44277,000MissouriSt. Joseph
21%
31995,000MassachusettsBrockton
20%
41181,000Rhode IslandCranston
20%
38885,000ConnecticutDanbury
20%
299101,000FloridaDavie
20%
35489,000MassachusettsFall River
20%
36988,000CaliforniaIndio
20%
31497,000OklahomaLawton
20%
30998,000TexasLeague City
20%
31297,000CaliforniaMission Viejo
20%
49870,000IndianaMuncie
20%
38485,000CaliforniaRedwood City
20%
45875,000PennsylvaniaBethlehem
19%
32195,000WashingtonFederal Way
19%
38785,000AlabamaHoover
19%
32295,000MissouriLee's Summit
19%
34492,000ColoradoLongmont
19%
45675,000ColoradoLoveland
19%
42280,000New YorkNew Rochelle
19%
42180,000OhioParma
19%
292103,000CaliforniaRialto
19%
41780,000MassachusettsSomerville
19%
43478,000ArkansasSpringdale
19%
46274,000CaliforniaUnion City
19%
35190,000OklahomaEdmond
18%
301100,000CaliforniaJurupa Valley
18%
36588,000CaliforniaLivermore
18%
46774,000TexasMissouri City
18%
41580,000CaliforniaMountain View
18%
34891,000CaliforniaSan Leandro
18%
35988,000IllinoisWaukegan
18%
43079,000CaliforniaAlameda
17%
45176,000IllinoisArlington Heights
17%
43278,000CaliforniaChino Hills
17%
37587,000CaliforniaCitrus Heights
17%
37886,000New JerseyClifton
17%
42879,000ArizonaGoodyear
17%
43678,000IndianaHammond
17%
42979,000WashingtonKennewick
17%
49671,000TexasNew Braunfels
17%
48272,000WisconsinWaukesha
17%
45575,000MichiganWyoming
17%
41381,000ArizonaAvondale
16%
40582,000TexasBryan
16%
39384,000IllinoisCicero
16%
36088,000FloridaDeltona
16%
44576,000CaliforniaFolsom
16%
36188,000CaliforniaHawthorne
16%
33493,000CaliforniaHesperia
16%
37187,000WashingtonKirkland
16%
40282,000CaliforniaLake Forest
16%
41281,000FloridaLargo
16%
32595,000MichiganLivonia
16%
39983,000FloridaPalm Coast
16%
34093,000FloridaPlantation
16%
49371,000CaliforniaRedlands
16%
48872,000South CarolinaRock Hill
16%
31696,000CaliforniaSouth Gate
16%
49970,000FloridaWeston
16%
38286,000CaliforniaAlhambra
15%
48072,000CaliforniaApple Valley
15%
39484,000CaliforniaHemet
15%
46075,000IllinoisSchaumburg
15%
37487,000CaliforniaTracy
15%
44476,000CaliforniaUpland
15%
37087,000CaliforniaWhittier
15%
42779,000MinnesotaBrooklyn Park
14%
39883,000CaliforniaBuena Park
14%
35689,000IndianaFishers
14%
46175,000North CarolinaGastonia
14%
39583,000GeorgiaJohns Creek
14%
47673,000ConnecticutNew Britain
14%
44377,000TexasPharr
14%
44776,000CaliforniaSan Ramon
14%
41481,000CaliforniaTustin
14%
44676,000TexasBaytown
13%
40981,000MichiganFarmington Hills
13%
48971,000TexasFlower Mound
13%
46574,000UtahLayton
13%
37287,000CaliforniaMenifee
13%
38685,000MissouriO'Fallon
13%
49271,000New JerseyPassaic
13%
42680,000CaliforniaPleasanton
13%
49571,000CaliforniaRancho Cordova
13%
47373,000MichiganRochester Hills
13%
47872,000CaliforniaTurlock
13%
40682,000MichiganWestland
13%
34392,000CaliforniaWestminister
13%
44077,000CaliforniaBaldwin Park
12%
46374,000IllinoisBolingbrook
12%
46974,000FloridaBoynton Beach
12%
42580,000FloridaDeerfield Beach
12%
48172,000CaliforniaLynwood
12%
43778,000CaliforniaMilpitas
12%
45775,000CaliforniaPerris
12%
47573,000MichiganSouthfield
12%
47273,000GeorgiaWarner Robins
12%
43178,000CaliforniaBellflower
11%
48772,000FloridaLauderhill
11%
45475,000CaliforniaManteca
11%

Score Distribution

Percentile by Number Answered

Percent of People with Each Score

Your Score History

You have not taken this quiz since the last reset